000 00865nam a2200193 i 4500
001 190197
003 ES-MaACL
005 20230906223650.0
008 200914s1956 sp |||| | spa d
100 0 _aMenéndez Pidal y Alvárez, Luis.
_980317
245 1 3 _aEl arquitecto y su obra en el cuidado de los monumentos /
_cDiscurso leído por... D. Luis Menéndez Pidal y Alvarez, el día 27 de mayo de 1956, con motivo de su recepción, y contestación de... D. José Yárnoz Larrosa.
260 _aMadrid :
_b[s.n.],
_c1956 (
_fGráf. Altamira)
300 _a70 p., 3 lám. ;
_c26 cm.
594 _aPrecede al tít.: Real Academia de Bellas Artes de San Fernando.
650 4 _aMonumentos-
_xPreservación.
_9170311
700 0 _aYárnoz Larrosa, José.
_9117581
710 2 _aReal Academia de Bellas Artes de San Fernando.
_96291
852 _aES-MaACL
_jF-M-III-N
999 _c190197
_d190197